000 00534nam a2200169Ia 4500
003 Ost
005 20260507075659.0
008 260507s9999||||xx |||||||||||||| ||und||
020 _a4722059960
040 _cfsecg
041 _aara
100 _aسيكارت، ارما
_eمؤلف
245 0 _aطرق البحث في الادارة :
_bمدخل بناء المهارات البحثية /
_c ارما سيكارت
260 _aالرياض:
_bجامعة الملك سعود,
_c1998
300 _a634 صفحة؛
942 _cكتاب
999 _c45775
_d45775